Advances in photosynthesis research. V 2 (Record no. 38340)

MARC details
000 -LEADER
fixed length control field 00877nam a2200301Ia 4500
082 ## - DEWEY DECIMAL CLASSIFICATION NUMBER
Classification number 581.132.001.5
Item number SYB.2
245 #0 - TITLE STATEMENT
Title Advances in photosynthesis research. V 2
260 ## - PUBLICATION, DISTRIBUTION, ETC. (IMPRINT)
Place of publication Hague
Name of publisher Martinus Nijhoff
Year of publication 1984
490 ## - SERIES STATEMENT
Series statement Advances in agricultural biotechnology
505 ## - FORMATTED CONTENTS NOTE
Formatted contents note Proceedings of the VIth International Congress on photosynthesis, Brussels, Belgium, August 1- 6, 1983
650 ## - SUBJECT ADDED ENTRY--TOPICAL TERM
Topical Term Amino acid
650 ## - SUBJECT ADDED ENTRY--TOPICAL TERM
Topical Term ATPase
650 ## - SUBJECT ADDED ENTRY--TOPICAL TERM
Topical Term Carotenoid
650 ## - SUBJECT ADDED ENTRY--TOPICAL TERM
Topical Term Chlorophyll
650 ## - SUBJECT ADDED ENTRY--TOPICAL TERM
Topical Term Chloroplast
650 ## - SUBJECT ADDED ENTRY--TOPICAL TERM
Topical Term Cyanobacteria
650 ## - SUBJECT ADDED ENTRY--TOPICAL TERM
Topical Term Fluorescence
650 ## - SUBJECT ADDED ENTRY--TOPICAL TERM
Topical Term Membrane bioenergetics
650 ## - SUBJECT ADDED ENTRY--TOPICAL TERM
Topical Term Photosynthesis
650 ## - SUBJECT ADDED ENTRY--TOPICAL TERM
Topical Term Photosynthetic bacteria
650 ## - SUBJECT ADDED ENTRY--TOPICAL TERM
Topical Term Photosystem
650 ## - SUBJECT ADDED ENTRY--TOPICAL TERM
Topical Term Pigment
650 ## - SUBJECT ADDED ENTRY--TOPICAL TERM
Topical Term Solar energy
650 ## - SUBJECT ADDED ENTRY--TOPICAL TERM
Topical Term Thylakoid
700 ## - ADDED ENTRY--PERSONAL NAME
Personal name SYBESMA, C
942 ## - ADDED ENTRY ELEMENTS (KOHA)
Koha item type Books
Holdings
Withdrawn status Lost status Damaged status Not for loan Home library Current library Date acquired Full call number Accession Number Koha item type
        RRII Library RRII Library 16/12/2021 581.132.001.5 SYB.2 18701 Books